[Event "SR 3. liga A2 2014/2015"]
[Site "?"]
[Date "2015.03.22"]
[Round "11.2"]
[White "Vepy, Ivan"]
[Black "Doucha, Ludvik"]
[Result "1/2-1/2"]
[WhiteElo "1923"]
[BlackElo "2006"]
[PlyCount "40"]
[EventDate "2015.??.??"]

1. e4 e5 2. Bc4 Nf6 3. d3 d5 4. exd5 Nxd5 5. a3 Nc6 6. Bd2 Be7 7. Nc3 Nxc3 8.
Bxc3 O-O 9. Ne2 Kh8 10. O-O Bg4 11. Qe1 Bf6 12. h3 Bh5 13. Ng3 Bg6 14. Ne4 Be7
15. Nd2 Bd6 16. Ne4 Be7 17. Nd2 Bd6 18. Ne4 Be7 19. Nd2 Bd6 20. Ne4 Be7 1/2-1/2

[Event "SR 3. liga A2 2014/2015"]
[Site "?"]
[Date "2015.03.22"]
[Round "11.2"]
[White "Bahna, Jan"]
[Black "Vogl, Zdenek"]
[Result "1/2-1/2"]
[WhiteElo "1940"]
[BlackElo "1909"]
[PlyCount "55"]
[EventDate "2015.??.??"]

1. e4 e5 2. Nf3 Nc6 3. Bb5 a6 4. Ba4 Nf6 5. O-O b5 6. Bb3 Be7 7. Re1 O-O 8. c3
d6 9. h3 Na5 10. Bc2 c5 11. d3 Nc6 12. Nbd2 h6 13. Nf1 Nh7 14. Ng3 Bh4 15. a4
b4 16. Bb3 Rb8 17. Bd5 Bxg3 18. fxg3 Ne7 19. Ba2 Kh8 20. g4 Be6 21. Bb1 Ng6 22.
Kh2 Nh4 23. Ng1 Ng5 24. g3 Ng6 25. Bd2 bxc3 26. bxc3 Nh7 27. Bc2 Qd7 28. Rb1
1/2-1/2

[Event "SR 3. liga A2 2014/2015"]
[Site "?"]
[Date "2015.03.22"]
[Round "11.2"]
[White "Hrubsa, Marian"]
[Black "Krist, Milan"]
[Result "1/2-1/2"]
[WhiteElo "1826"]
[BlackElo "1913"]
[PlyCount "43"]
[EventDate "2015.??.??"]

1. e4 c6 2. d4 d5 3. e5 Bf5 4. Nf3 h6 5. Bd3 Bxd3 6. Qxd3 e6 7. O-O Nd7 8. c3
c5 9. b3 cxd4 10. cxd4 Bb4 11. Ba3 Bxa3 12. Nxa3 a6 13. Rac1 Rc8 14. Qd2 Ne7
15. Rxc8 Qxc8 16. Rc1 Qb8 17. Rc3 O-O 18. Nh4 Rc8 19. Rxc8+ Qxc8 20. f4 Nf8 21.
Nc2 Nfg6 22. Nxg6 1/2-1/2

[Event "SR 3. liga A2 2014/2015"]
[Site "?"]
[Date "2015.03.22"]
[Round "11.2"]
[White "Holicky, Miroslav"]
[Black "Antalek, Rudolf"]
[Result "0-1"]
[WhiteElo "1807"]
[BlackElo "1532"]
[PlyCount "120"]
[EventDate "2015.??.??"]

1. e4 e5 2. Nf3 Nc6 3. b3 g6 4. Bb2 Bg7 5. Be2 d6 6. O-O Nf6 7. d3 O-O 8. c4
Bd7 9. a3 a5 10. Nc3 Nh5 11. Nd5 Ne7 12. d4 Nxd5 13. cxd5 Re8 14. dxe5 Nf4 15.
Re1 Nxe2+ 16. Rxe2 dxe5 17. Rd2 Bg4 18. d6 cxd6 19. Rxd6 Bxf3 20. Rxd8 Bxd1 21.
Rxe8+ Rxe8 22. Rxd1 Rc8 23. g3 f6 24. a4 Bf8 25. Rc1 Rxc1+ 26. Bxc1 Bb4 27. Kf1
Kf7 28. Ke2 f5 29. f3 Ke6 30. Kd3 Kd7 31. Kc4 Kc6 32. Bb2 Bd6 33. Bc3 Bc7 34.
Bd2 h5 35. Bg5 Bb6 36. Bf6 Kd6 37. Kb5 Bg1 38. h3 Bf2 39. g4 hxg4 40. hxg4 f4
41. Kxa5 Kc5 42. Be7+ Kd4 43. Bd6 Ke3 44. Kb6 Kxf3+ 45. Kxb7 Kxe4 46. Kc6 f3
47. Bb4 Bg3 48. Bc5 f2 49. Bxf2 Bxf2 50. b4 Kf3 51. a5 e4 52. a6 Ba7 53. b5 e3
54. b6 e2 55. bxa7 e1=Q 56. Kb7 Qb4+ 57. Kc7 Qa5+ 58. Kb7 Qb5+ 59. Ka8 Qxa6 60.
Kb8 Qxa7+ 0-1

[Event "SR 3. liga A2 2014/2015"]
[Site "?"]
[Date "2015.03.22"]
[Round "11.2"]
[White "Zlamal, Marek"]
[Black "Suchan, Jozef"]
[Result "1/2-1/2"]
[WhiteElo "1671"]
[BlackElo "1707"]
[PlyCount "101"]
[EventDate "2015.??.??"]

1. d4 d5 2. f4 Nf6 3. Nf3 e6 4. e3 Be7 5. c4 c5 6. Bd3 O-O 7. O-O cxd4 8. Nxd4
Nc6 9. a3 Bd6 10. Nb5 Bb8 11. cxd5 exd5 12. N1c3 Re8 13. Nd4 Nxd4 14. exd4 Bg4
15. Qa4 a6 16. Bd2 b5 17. Bxb5 Re7 18. Bd3 Ba7 19. Kh1 Bd7 20. Qxa6 Bxd4 21.
Qd6 Re6 22. Qb4 Bb6 23. Bf5 Ba5 24. Qd4 Bb6 25. Qd3 Re8 26. Bxd7 Qxd7 27. h3
Bc7 28. Rfe1 Reb8 29. b4 d4 30. Ne4 Nh5 31. Qf3 Nf6 32. Nxf6+ gxf6 33. Qg4+
Qxg4 34. hxg4 Ra4 35. g3 Rba8 36. Rac1 Bb6 37. Rc6 Ba7 38. Bc1 Rd8 39. Rxf6 d3
40. Rd1 Bd4 41. Rc6 Ba1 42. Rc2 Ra6 43. Ra2 Bc3 44. Bd2 Bd4 45. b5 Re6 46. Ba5
Rc8 47. Rxd3 Rc1+ 48. Kg2 Rg1+ 49. Kf3 Rf1+ 50. Kg2 Rg1+ 51. Kf3 1/2-1/2

[Event "SR 3. liga A2 2014/2015"]
[Site "?"]
[Date "2015.03.22"]
[Round "11.3"]
[White "Kavon, Rastislav"]
[Black "Liptak, Tomas"]
[Result "1/2-1/2"]
[WhiteElo "2153"]
[BlackElo "2168"]
[PlyCount "94"]
[EventDate "2015.??.??"]

1. e4 c5 2. Nf3 d6 3. d4 cxd4 4. Nxd4 Nf6 5. Nc3 a6 6. h3 e6 7. Be3 Be7 8. g4
Nfd7 9. Bg2 Nc6 10. Qe2 O-O 11. O-O-O Qc7 12. f4 Nxd4 13. Bxd4 b5 14. Rdg1 b4
15. Nd1 a5 16. f5 Ba6 17. Qd2 e5 18. Bf2 Rfc8 19. Kb1 a4 20. Bf3 b3 21. cxb3
axb3 22. Nc3 bxa2+ 23. Ka1 Bc4 24. g5 Nc5 25. Bxc5 dxc5 26. f6 Bf8 27. fxg7
Bxg7 28. Be2 Be6 29. h4 Rd8 30. Qc1 Qd7 31. Rd1 Qb7 32. Rxd8+ Rxd8 33. Rd1 Rd4
34. Bd3 Bf8 35. Bc2 Qa8 36. Nb5 Rxd1 37. Qxd1 Qa5 38. Nc3 Qb4 39. Nd5 Qd4 40.
Qxd4 exd4 41. Bd3 Bd6 42. Kxa2 Bg3 43. h5 Bh4 44. Kb3 Bxg5 45. Kc4 Be7 46. h6
Bf8 47. e5 Be7 1/2-1/2

[Event "SR 3. liga A2 2014/2015"]
[Site "?"]
[Date "2015.03.22"]
[Round "11.3"]
[White "Kovacocy, Pavel"]
[Black "Lukac, Tomas"]
[Result "1-0"]
[WhiteElo "2192"]
[BlackElo "2049"]
[PlyCount "95"]
[EventDate "2015.??.??"]

1. e4 e5 2. Nf3 Nc6 3. Bc4 Bc5 4. c3 Nf6 5. d3 d6 6. Bb3 a6 7. h3 Ba7 8. Nbd2
Qe7 9. Nf1 Be6 10. Be3 d5 11. Bxa7 Rxa7 12. Qe2 dxe4 13. dxe4 Bxb3 14. axb3 Qe6
15. N1d2 O-O 16. O-O Nh5 17. Rfd1 Nf4 18. Qe3 Raa8 19. Kh2 Rad8 20. Nc4 f6 21.
Ng1 Rd7 22. g3 Ng6 23. Qe2 Rfd8 24. Rxd7 Qxd7 25. Ne3 Qf7 26. b4 Nge7 27. Nf3
Qb3 28. Ne1 Qe6 29. Nd3 Qd7 30. Nc5 Qd2 31. Qc4+ Kh8 32. Kg2 Qxb2 33. Rd1 Rxd1
34. Nxd1 Qd2 35. Qf7 Qd8 36. Ne3 Qg8 37. Qh5 Nd8 38. Qd1 Qe8 39. Nd5 c6 40. Nc7
Qf8 41. Qd7 Ng8 42. Qc8 Qd6 43. Nxb7 Nxb7 44. Qxb7 Qd7 45. Qb6 Ne7 46. Nxa6 Qd3
47. Nc5 Qxc3 48. Qb7 1-0

[Event "SR 3. liga A2 2014/2015"]
[Site "?"]
[Date "2015.03.22"]
[Round "11.3"]
[White "Bango, Lukas"]
[Black "Sarmir, Milos"]
[Result "1-0"]
[WhiteElo "1917"]
[BlackElo "2011"]
[PlyCount "69"]
[EventDate "2015.??.??"]

1. c4 Nf6 2. Nf3 c6 3. d4 d5 4. Nc3 e6 5. Bg5 Be7 6. e3 Nbd7 7. Bd3 h6 8. Bf4
dxc4 9. Bxc4 O-O 10. O-O Nh5 11. Be5 Nxe5 12. Nxe5 Nf6 13. Qe2 Qc7 14. Rad1 Bd6
15. f4 Qe7 16. Rf2 Nd5 17. Rdf1 Nxc3 18. bxc3 Bd7 19. Nxd7 Qxd7 20. f5 e5 21.
f6 g6 22. Qd3 Qg4 23. h3 Qg5 24. e4 b5 25. Bb3 a5 26. Rf3 a4 27. Rg3 Qxg3 28.
Bxf7+ Kxf7 29. Qxg3 Rfe8 30. Qe3 Bf8 31. d5 c5 32. d6 Re6 33. Qxc5 Bxd6 34.
Qxb5 Rc8 35. Qd7+ 1-0

[Event "SR 3. liga A2 2014/2015"]
[Site "?"]
[Date "2015.03.22"]
[Round "11.3"]
[White "Markuliak, Mario"]
[Black "Mackovic, Miroslav"]
[Result "0-1"]
[WhiteElo "1811"]
[BlackElo "1846"]
[PlyCount "68"]
[EventDate "2015.??.??"]

1. e4 c5 2. c4 Nc6 3. Nf3 d6 4. d4 cxd4 5. Nxd4 Nf6 6. Nc3 a6 7. Be2 e6 8. Be3
Be7 9. O-O O-O 10. Nb3 b6 11. f4 Nd7 12. g4 h6 13. Rf2 Qc7 14. Nd2 Bb7 15. Nf3
Na5 16. b3 b5 17. Nd2 Nb6 18. cxb5 Bf6 19. Rc1 Bxc3 20. bxa6 Bxa6 21. Bxb6 Qxb6
22. Rxc3 Bb7 23. Qb1 Nc6 24. Bf3 Nd4 25. Kg2 Nxf3 26. Kxf3 f5 27. gxf5 exf5 28.
Kg3 fxe4 29. Nxe4 Qd4 30. Rc4 Qe3+ 31. Rf3 Qb6 32. Rc1 Rae8 33. Re1 Re6 34.
Rfe3 d5 0-1

[Event "SR 3. liga A2 2014/2015"]
[Site "?"]
[Date "2015.03.22"]
[Round "11.3"]
[White "Kozinka, Jan"]
[Black "Vlkovic, Pavol"]
[Result "0-1"]
[WhiteElo "1791"]
[BlackElo "1820"]
[PlyCount "82"]
[EventDate "2015.??.??"]

1. d4 Nf6 2. c4 g6 3. Nc3 Bg7 4. e4 d6 5. Be2 O-O 6. Be3 Na6 7. Qd2 c5 8. d5 e6
9. f4 exd5 10. cxd5 Re8 11. Bf3 Bd7 12. Nge2 b5 13. Ng3 b4 14. Nce2 Bg4 15. O-O
Qe7 16. h3 Bxf3 17. gxf3 Nc7 18. Bf2 h5 19. Nh1 Nd7 20. Kh2 Nb6 21. Rae1 Nc4
22. Qc2 Nb6 23. Rg1 Nb5 24. Nhg3 Kh7 25. Nf1 Qf6 26. b3 Bh6 27. Qd3 a6 28. Ne3
Nd4 29. Ng2 Nxe2 30. Rxe2 Kh8 31. Be3 a5 32. Kg3 a4 33. Qb5 Qd8 34. Qd3 axb3
35. axb3 Ra3 36. f5 Bxe3 37. Qxe3 g5 38. h4 Nxd5 39. Qd2 Nc3 40. Re3 gxh4+ 41.
Kf2 Ra2 0-1

[Event "SR 3. liga A2 2014/2015"]
[Site "?"]
[Date "2015.03.22"]
[Round "11.3"]
[White "Hornak, Pavol"]
[Black "Bango, Dominik"]
[Result "1/2-1/2"]
[WhiteElo "1766"]
[BlackElo "1557"]
[PlyCount "120"]
[EventDate "2015.??.??"]

1. d4 d5 2. c4 Nf6 3. Nf3 Nc6 4. cxd5 Qxd5 5. Nc3 Qd8 6. d5 Nb8 7. e4 e6 8. Bg5
Be7 9. dxe6 Qxd1+ 10. Rxd1 Bxe6 11. e5 Nfd7 12. Bxe7 Kxe7 13. Nd5+ Bxd5 14.
Rxd5 a6 15. Be2 Re8 16. O-O Nb6 17. Rd3 Kf8 18. Re1 Nc6 19. Bd1 Rad8 20. Rxd8
Nxd8 21. Bb3 h6 22. Kf1 Ne6 23. Bxe6 fxe6 24. Nd4 Nd5 25. g3 Ke7 26. Ke2 Rd8
27. Rd1 c5 28. Nb3 b6 29. Nd2 Nc7 30. Ne4 Rxd1 31. Kxd1 Ne8 32. Ke2 Kd7 33. a3
Kc6 34. Kd3 a5 35. a4 Kd5 36. f4 c4+ 37. Ke3 Nc7 38. h4 b5 39. Nc3+ Kc5 40.
Nxb5 Nxb5 41. axb5 Kxb5 42. g4 g6 43. f5 exf5 44. gxf5 gxf5 45. Kf4 c3 46. bxc3
a4 47. Kxf5 a3 48. e6 a2 49. e7 Kc4 50. e8=Q a1=Q 51. Qc6+ Kb3 52. Qxh6 Qa5+
53. Kg4 Qxc3 54. Qf4 Qc8+ 55. Kg3 Qg8+ 56. Kh2 Qd5 57. Kg3 Qg8+ 58. Qg5 Qb8+
59. Kg4 Qc8+ 60. Kf4 Qf8+ 1/2-1/2

[Event "SR 3. liga A2 2014/2015"]
[Site "?"]
[Date "2015.03.22"]
[Round "11.3"]
[White "Vagovic, Milan"]
[Black "Kavuljak, Alojz"]
[Result "0-1"]
[WhiteElo "1610"]
[BlackElo "1645"]
[PlyCount "128"]
[EventDate "2015.??.??"]

1. d4 Nf6 2. c4 g6 3. Nc3 Bg7 4. e4 d6 5. Nf3 O-O 6. Be2 Na6 7. O-O c5 8. d5
Nc7 9. h3 Bd7 10. a4 a6 11. Be3 Rb8 12. a5 b6 13. axb6 Rxb6 14. Qc2 Qb8 15.
Rfb1 Qb7 16. Bd3 Rb8 17. Ra2 Qc8 18. Bg5 h6 19. Bxf6 exf6 20. Kh2 g5 21. Be2
Rb3 22. Nd2 R3b6 23. g4 h5 24. f3 h4 25. Bd3 Qe8 26. Ne2 a5 27. b3 Na6 28. Rxa5
Nb4 29. Qd1 Nxd3 30. Kg2 Qe5 31. Ra7 Bc8 32. Qc2 Nf4+ 33. Nxf4 Qxf4 34. Nf1 Qe5
35. Ra3 Ba6 36. Kh1 Qd4 37. Qd2 Bxc4 38. Qxd4 cxd4 39. Nd2 Be2 40. Kg2 f5 41.
gxf5 Be5 42. Kf2 Bd3 43. Rb2 Bf4 44. Ke1 Rc8 45. Kd1 Bf1 46. Nxf1 Bc1 47. Rba2
Bxa3 48. Rxa3 Rc3 49. Nd2 Kg7 50. Ke2 Kf6 51. Ra7 Rc1 52. Kd3 Rd1 53. Ke2 Rh1
54. Kd3 Rh2 55. Ra3 Rxh3 56. Kxd4 Rh2 57. Nc4 Rb4 58. Kc3 Rxc4+ 59. Kxc4 Rf2
60. b4 h3 61. f4 g4 62. Ra1 g3 63. Ra3 h2 64. Rxg3 h1=Q 0-1

[Event "SR 3. liga A2 2014/2015"]
[Site "?"]
[Date "2015.03.22"]
[Round "11.3"]
[White "Kovacic, Lukas"]
[Black "Rusnacik, Milan"]
[Result "0-1"]
[WhiteElo "1000"]
[BlackElo "1314"]
[PlyCount "88"]
[EventDate "2015.??.??"]

1. e4 c5 2. d3 d6 3. Nc3 Nf6 4. Be2 a6 5. Be3 Nc6 6. a3 Qc7 7. Nf3 g6 8. O-O
Bg7 9. d4 cxd4 10. Nxd4 e6 11. Qd2 Bd7 12. Rad1 Rd8 13. b4 b5 14. Rfe1 O-O 15.
Bd3 Rc8 16. Bh6 Ne5 17. Qg5 Neg4 18. Bxg7 Kxg7 19. h3 Qxc3 20. Re3 Nxe3 21.
fxe3 Qc7 22. Rf1 Ng8 23. c4 f6 24. Qh4 bxc4 25. Bc2 e5 26. Nf3 Bb5 27. g4 Qb6
28. g5 Qxe3+ 29. Kg2 fxg5 30. Nxg5 Qe2+ 31. Rf2 Rxf2+ 32. Qxf2 Qxf2+ 33. Kxf2
Rf8+ 34. Ke2 c3+ 35. Ke3 Kh6 36. Ne6 Rf7 37. a4 Bd7 38. Bb3 Rf6 39. Nc7 Ne7 40.
b5 axb5 41. axb5 Nc8 42. Na8 Bxb5 43. Nc7 Bf1 44. h4 Kh5 0-1

[Event "SR 3. liga A2 2014/2015"]
[Site "?"]
[Date "2015.03.22"]
[Round "11.4"]
[White "Stepanovic, Branislav"]
[Black "Bisco, Igor"]
[Result "1-0"]
[WhiteElo "2003"]
[BlackElo "2079"]
[PlyCount "71"]
[EventDate "2015.??.??"]

1. e4 e5 2. Nf3 Nc6 3. Bb5 a6 4. Ba4 Nf6 5. O-O Be7 6. Re1 b5 7. Bb3 d6 8. c3
O-O 9. d4 Bg4 10. Be3 exd4 11. cxd4 Na5 12. Bc2 Nc4 13. Bc1 c5 14. b3 Nb6 15.
Qd3 c4 16. bxc4 Nxc4 17. Bg5 g6 18. a4 Nb2 19. Qb3 Nxa4 20. Bh6 Re8 21. Ng5 d5
22. e5 Nd7 23. Nxf7 Kxf7 24. Qxd5+ Be6 25. Qf3+ Kg8 26. d5 Bf5 27. Bxf5 Nxe5
28. Be6+ Kh8 29. Rxe5 Bf6 30. Qe2 Rxe6 31. dxe6 Rc8 32. e7 Qe8 33. h4 Rc4 34.
Bg5 Bxg5 35. hxg5 Rc1+ 36. Kh2 1-0

[Event "SR 3. liga A2 2014/2015"]
[Site "?"]
[Date "2015.03.22"]
[Round "11.4"]
[White "Malar, Pavol"]
[Black "Manak, Jozef"]
[Result "1/2-1/2"]
[WhiteElo "2062"]
[BlackElo "1984"]
[PlyCount "67"]
[EventDate "2015.??.??"]

1. e4 c5 2. Nc3 d6 3. f4 Nc6 4. Nf3 g6 5. Bc4 Bg7 6. O-O e6 7. d3 Nge7 8. Bd2
O-O 9. Qe1 d5 10. Bb3 dxe4 11. dxe4 Na5 12. Rd1 Nxb3 13. axb3 a6 14. Be3 Qc7
15. Qh4 b6 16. f5 f6 17. fxe6 Bxe6 18. Bf4 Qb7 19. Rd6 Bd7 20. e5 Nf5 21. Qe1
fxe5 22. Bxe5 Nxd6 23. Bxd6 Rf7 24. Qh4 Bc6 25. Qc4 Kh8 26. Ne5 Rxf1+ 27. Qxf1
Re8 28. h4 Bxg2 29. Qe2 Bd5 30. Nxg6+ hxg6 31. Qxe8+ Kh7 32. h5 Bf7 33. hxg6+
Bxg6 34. Qe2 1/2-1/2

[Event "SR 3. liga A2 2014/2015"]
[Site "?"]
[Date "2015.03.22"]
[Round "11.4"]
[White "Manak, Adrian"]
[Black "Slamena, Michal"]
[Result "1/2-1/2"]
[WhiteElo "1959"]
[BlackElo "1993"]
[PlyCount "90"]
[EventDate "2015.??.??"]

1. e4 e5 2. Nc3 Nc6 3. f4 Bc5 4. Nf3 d6 5. Na4 Bb6 6. Nxb6 axb6 7. d4 exd4 8.
Nxd4 Nf6 9. Nxc6 bxc6 10. Bd3 Bg4 11. Qd2 O-O 12. O-O Re8 13. Re1 Ra4 14. c3
Nxe4 15. Qc2 Nc5 16. Bxh7+ Kf8 17. Be3 Ra8 18. b4 Nd7 19. h3 Be6 20. Be4 Bd5
21. Bxd5 cxd5 22. Qh7 Nf6 23. Qh8+ Ng8 24. Bd4 f6 25. h4 c5 26. Bf2 Qd7 27. Qh5
Qf7 28. Qf3 f5 29. Rxe8+ Rxe8 30. Rd1 Nf6 31. Qd3 Re4 32. a4 g6 33. a5 bxa5 34.
bxc5 dxc5 35. Bxc5+ Kg7 36. g3 Qe6 37. Bd4 Re1+ 38. Rxe1 Qxe1+ 39. Kh2 Kf7 40.
Bxf6 Kxf6 41. Qa6+ Kg7 42. Qxa5 Qf2+ 43. Kh3 Qf3 44. Kh2 Kh6 45. Qd8 Qxc3
1/2-1/2

[Event "SR 3. liga A2 2014/2015"]
[Site "?"]
[Date "2015.03.22"]
[Round "11.4"]
[White "Krajcovic, Branislav"]
[Black "Mihalik, Anton"]
[Result "0-1"]
[WhiteElo "2043"]
[BlackElo "1958"]
[PlyCount "50"]
[EventDate "2015.??.??"]

1. d4 d5 2. c4 e6 3. Nc3 Nf6 4. Nf3 Nbd7 5. Bf4 a6 6. e3 dxc4 7. Bxc4 b5 8. Bb3
Bb7 9. O-O Be7 10. Bc2 O-O 11. Re1 c5 12. b3 cxd4 13. exd4 Rc8 14. Qd3 Bb4 15.
Bd2 Bxc3 16. Bxc3 Qc7 17. Rac1 Qxc3 18. Qe2 Bxf3 19. gxf3 Qxd4 20. Red1 Qh4 21.
Qe3 Nd5 22. Qe1 N7f6 23. Be4 Nf4 24. Kh1 Nxe4 25. Qxe4 Qg5 0-1

[Event "SR 3. liga A2 2014/2015"]
[Site "?"]
[Date "2015.03.22"]
[Round "11.4"]
[White "Nemsak, Denis"]
[Black "Drgon, Matus"]
[Result "1-0"]
[WhiteElo "1957"]
[BlackElo "1754"]
[PlyCount "59"]
[EventDate "2015.??.??"]

1. c4 e5 2. Nc3 Nf6 3. g3 d5 4. cxd5 Nxd5 5. Bg2 Be6 6. Nf3 Nc6 7. O-O Be7 8.
d3 Qd7 9. Ng5 Bxg5 10. Bxg5 f6 11. Bd2 O-O-O 12. Ne4 Qe7 13. Rc1 Kb8 14. Nc5
Bf7 15. a4 h5 16. a5 b6 17. Na6+ Kb7 18. Rxc6 Kxc6 19. Qa4+ Kb7 20. Nb4 Qd7 21.
Nc6 a6 22. Nxd8+ Rxd8 23. Qa3 b5 24. Rc1 c6 25. Be3 h4 26. Qc5 Qc7 27. Qa7+ Kc8
28. Bh3+ Rd7 29. Qa8+ Qb8 30. Rxc6+ 1-0

[Event "SR 3. liga A2 2014/2015"]
[Site "?"]
[Date "2015.03.22"]
[Round "11.4"]
[White "Janas, Peter"]
[Black "Bincik, Pavol"]
[Result "0-1"]
[WhiteElo "1736"]
[BlackElo "1941"]
[PlyCount "92"]
[EventDate "2015.??.??"]

1. d4 d5 2. Nf3 Nf6 3. c4 c6 4. cxd5 cxd5 5. Nc3 Nc6 6. e3 e6 7. Bb5 a6 8. Bd3
Bd6 9. Bd2 b5 10. Rc1 Bb7 11. O-O O-O 12. Bb1 Rc8 13. h3 Qe7 14. Nh2 e5 15.
dxe5 Nxe5 16. Ne2 Ne4 17. Bc3 b4 18. Bd4 Nc4 19. Bxe4 Qxe4 20. Nf3 Rfe8 21. Nd2
Qg6 22. Nf3 f5 23. b3 Na5 24. Rxc8 Rxc8 25. Nf4 Bxf4 26. exf4 Nc6 27. Qd2 Qd6
28. Re1 Nxd4 29. Nxd4 g6 30. Re6 Qc5 31. Qe3 Kf7 32. Qe5 Qc7 33. Qf6+ Kg8 34.
Re7 Qc1+ 35. Re1 Qxe1+ 36. Kh2 Re8 37. Nf3 Qe4 38. Qd6 d4 39. Nh4 d3 40. f3 Qe7
41. Qxd3 Qxh4 42. Qc4+ Kf8 43. Qxb4+ Qe7 44. Qd4 Kg8 45. Qc4+ Qe6 46. Qc5 Bd5
0-1

[Event "SR 3. liga A2 2014/2015"]
[Site "?"]
[Date "2015.03.22"]
[Round "11.4"]
[White "Curidlo, Jan"]
[Black "Tupy, Bystrik"]
[Result "1/2-1/2"]
[WhiteElo "1889"]
[BlackElo "1782"]
[PlyCount "108"]
[EventDate "2015.??.??"]

1. e4 e5 2. Nf3 Nc6 3. Bb5 a6 4. Ba4 b5 5. Bb3 Nf6 6. d3 Bc5 7. c3 d6 8. h3 Be6
9. O-O O-O 10. Bc2 Ne7 11. Re1 Ng6 12. d4 exd4 13. cxd4 Bb6 14. Nc3 Qc8 15. Kh2
Nh5 16. Ne2 Nf6 17. Ng3 Ne8 18. Be3 d5 19. Ng5 c6 20. Rc1 Nd6 21. exd5 Bxd5 22.
Qh5 h6 23. Bxg6 fxg6 24. Qxg6 hxg5 25. Qxd6 Qd8 26. Qg6 Qf6 27. Qxf6 gxf6 28.
b3 Bc7 29. Kg1 Bxg3 30. fxg3 Kg7 31. g4 Rh8 32. Rf1 a5 33. a3 Rae8 34. Bd2 Re2
35. Rf2 Rhe8 36. Bxa5 R2e3 37. Rc3 Re1+ 38. Kh2 Rb1 39. b4 Ra1 40. Bb6 Rae1 41.
Bc7 R1e4 42. Bb6 Rh8 43. Bc5 Rxg4 44. Be7 Kf7 45. Bxf6 Rxg2+ 46. Rxg2 Kxf6 47.
Rf2+ Kg6 48. Re3 Rh4 49. Rd2 Rf4 50. Kg3 Rf1 51. Re5 Rf3+ 52. Kh2 Rxa3 53. Ree2
Rb3 54. Rb2 Rd3 1/2-1/2

[Event "SR 3. liga A2 2014/2015"]
[Site "?"]
[Date "2015.03.22"]
[Round "11.4"]
[White "Jancicka, Viliam"]
[Black "Verba, Vladimir"]
[Result "0-1"]
[WhiteElo "1757"]
[BlackElo "1789"]
[PlyCount "90"]
[EventDate "2015.??.??"]

1. d4 g6 2. e4 Bg7 3. Nf3 c5 4. d5 d6 5. Nc3 Nf6 6. h3 O-O 7. Be2 b5 8. Bxb5
Nxe4 9. Bd2 Nxc3 10. bxc3 Qa5 11. c4 Qa3 12. c3 Bxc3 13. Bxc3 Qxc3+ 14. Nd2
Qe5+ 15. Kf1 Nd7 16. Rc1 Nb6 17. Nf3 Qf6 18. Qd2 Bd7 19. Bxd7 Nxd7 20. Ke2 Rfb8
21. Rc2 Rb6 22. Rhc1 Rab8 23. g4 Ne5 24. Nxe5 Qxe5+ 25. Qe3 Qxe3+ 26. Kxe3 e6
27. dxe6 fxe6 28. Rd1 Kf7 29. h4 h6 30. f4 Ke7 31. Ke4 Rb2 32. Rdd2 Rxc2 33.
Rxc2 Rb1 34. Kf3 Rh1 35. Kg3 Rd1 36. Kf3 Kd7 37. g5 h5 38. Rc3 d5 39. cxd5 Rxd5
40. Ke3 a5 41. Rc4 Kc6 42. a4 Rd1 43. Kf3 Rd4 44. Rc3 Rxa4 45. Ke3 Rb4 0-1

[Event "SR 3. liga A2 2014/2015"]
[Site "?"]
[Date "2015.03.22"]
[Round "11.5"]
[White "Gasa, Andrej"]
[Black "Nemeckay, Rastislav"]
[Result "1/2-1/2"]
[WhiteElo "2317"]
[BlackElo "1985"]
[PlyCount "56"]
[EventDate "2015.??.??"]

1. e4 e5 2. Nf3 Nc6 3. Bb5 a6 4. Ba4 Nf6 5. d3 b5 6. Bb3 Be7 7. O-O d6 8. c3
O-O 9. Re1 Na5 10. Bc2 c5 11. Nbd2 Re8 12. Nf1 Bf8 13. Bd2 g6 14. Qc1 Bg7 15.
h3 Bd7 16. Bh6 Bh8 17. Bg5 Qc7 18. Ne3 Be6 19. Nh2 b4 20. Ba4 Reb8 21. c4 Nc6
22. Bxc6 Qxc6 23. Qd1 Qd7 24. Qf3 Ne8 25. Nhg4 Bg7 26. Nf6+ Nxf6 27. Bxf6 Bxf6
28. Qxf6 Qd8 1/2-1/2

[Event "SR 3. liga A2 2014/2015"]
[Site "?"]
[Date "2015.03.22"]
[Round "11.5"]
[White "Diviak, Rudolf"]
[Black "Cajka, Tibor"]
[Result "0-1"]
[WhiteElo "1836"]
[BlackElo "2166"]
[PlyCount "52"]
[EventDate "2015.??.??"]

1. e4 c6 2. d4 d5 3. e5 g6 4. Nc3 h5 5. Bd3 Bh6 6. Bxh6 Nxh6 7. Nge2 Bf5 8.
Bxf5 Nxf5 9. O-O e6 10. Qd2 Nd7 11. Ng3 Qb6 12. Nxf5 gxf5 13. b3 O-O-O 14. f4
Rdg8 15. Na4 Qd8 16. Kh1 Rg4 17. Rac1 Rhg8 18. Rf2 b5 19. Nc5 Nxc5 20. dxc5 h4
21. Ra1 d4 22. Rd1 h3 23. g3 Qd5+ 24. Kg1 Rxg3+ 25. hxg3 h2+ 26. Kxh2 Rh8+ 0-1

[Event "SR 3. liga A2 2014/2015"]
[Site "?"]
[Date "2015.03.22"]
[Round "11.5"]
[White "Gasa, Patrik"]
[Black "Skapik, Branislav"]
[Result "1-0"]
[WhiteElo "2074"]
[BlackElo "1822"]
[PlyCount "62"]
[EventDate "2015.??.??"]

1. d4 e6 2. Nf3 d5 3. c4 Nf6 4. Nc3 Be7 5. e3 O-O 6. Bd3 dxc4 7. Bxc4 Nbd7 8.
O-O Re8 9. a3 b6 10. b4 Bb7 11. Qb3 c6 12. Bb2 Bf8 13. Rfd1 Nd5 14. e4 Nxc3 15.
Bxc3 Qc7 16. Rac1 Nf6 17. Bd3 c5 18. dxc5 Nxe4 19. Be5 Qc6 20. b5 Qd5 21. Qxd5
Bxd5 22. c6 Bxa3 23. Ra1 Bc5 24. Bxe4 Bxe4 25. Rd7 a5 26. Rb7 Bd3 27. c7 Bxb5
28. Rb8 f6 29. Rd1 Be7 30. Rdd8 Rxd8 31. cxd8=Q+ Bxd8 1-0

[Event "SR 3. liga A2 2014/2015"]
[Site "?"]
[Date "2015.03.22"]
[Round "11.5"]
[White "Danada, Ondrej"]
[Black "Sebesta, Radovan"]
[Result "1/2-1/2"]
[WhiteElo "1870"]
[BlackElo "2048"]
[PlyCount "48"]
[EventDate "2015.??.??"]

1. d4 Nf6 2. c4 e6 3. a3 d5 4. cxd5 exd5 5. Bg5 Be7 6. Nc3 O-O 7. Qc2 c6 8. f3
Re8 9. O-O-O Nbd7 10. e4 dxe4 11. fxe4 Ng4 12. Bxe7 Qxe7 13. Re1 Qf6 14. Nf3
Nb6 15. h3 Qf4+ 16. Qd2 Qxd2+ 17. Kxd2 Nf6 18. b4 Be6 19. g4 Rad8 20. Kc2 Ra8
21. Bd3 a5 22. b5 cxb5 23. Bxb5 Red8 24. Kd3 Rac8 1/2-1/2

[Event "SR 3. liga A2 2014/2015"]
[Site "?"]
[Date "2015.03.22"]
[Round "11.5"]
[White "Lanik, Miroslav"]
[Black "Spacek, Marcel"]
[Result "1-0"]
[WhiteElo "1895"]
[BlackElo "1690"]
[PlyCount "61"]
[EventDate "2015.??.??"]

1. e4 c5 2. Nf3 Nc6 3. d4 cxd4 4. Nxd4 Nf6 5. Nc3 e5 6. Ndb5 d6 7. Bg5 a6 8.
Na3 b5 9. Bxf6 gxf6 10. Nd5 Bg7 11. c3 O-O 12. Nc2 f5 13. exf5 Bxf5 14. Nce3
Be6 15. Bd3 f5 16. O-O e4 17. Nf4 Bd7 18. Bc2 Be5 19. Bb3+ Kh8 20. g3 Qg5 21.
Neg2 Be8 22. Ne6 Qh6 23. Nxf8 Bh5 24. Qd5 Rxf8 25. Qxc6 Bf3 26. Nh4 Bg4 27. f4
exf3 28. Nxf3 Qe3+ 29. Kg2 f4 30. Rae1 Qd3 31. Qe4 1-0

[Event "SR 3. liga A2 2014/2015"]
[Site "?"]
[Date "2015.03.22"]
[Round "11.5"]
[White "Pericka, Pavol"]
[Black "Palka, Martin"]
[Result "1/2-1/2"]
[WhiteElo "1789"]
[BlackElo "1890"]
[PlyCount "117"]
[EventDate "2015.??.??"]

1. e4 c5 2. Bc4 Nc6 3. Nf3 d6 4. h3 Nf6 5. Qe2 e6 6. Nc3 Be7 7. d3 a6 8. a3 Qc7
9. Bf4 Nd4 10. Qd1 Bd7 11. Nxd4 cxd4 12. Ne2 b5 13. Bb3 O-O 14. O-O Rac8 15.
Rc1 a5 16. c3 dxc3 17. Nxc3 Qb7 18. Be3 Bc6 19. Bc2 Nd7 20. d4 Nb6 21. d5 Bd7
22. Bxb6 Qxb6 23. Kh1 Bf6 24. Qd3 e5 25. f4 b4 26. axb4 Qxb4 27. Rb1 Rc4 28.
Ne2 Bb5 29. Rfc1 Rc5 30. Qd1 Bxe2 31. Qxe2 exf4 32. Bd3 Rfc8 33. Rd1 Be5 34. b3
Rc3 35. Bc4 Re3 36. Qg4 Rb8 37. Rbc1 Rc3 38. Qe2 Rg3 39. Rd3 Qa3 40. Rf1 Rxd3
41. Qxd3 a4 42. bxa4 Qxa4 43. Rb1 Rxb1+ 44. Qxb1 g6 45. Bd3 Qd4 46. Qf1 Qe3 47.
Qf3 Qd2 48. Qe2 Qc1+ 49. Qf1 Qe3 50. Qf3 Qe1+ 51. Qf1 Qxf1+ 52. Bxf1 Kg7 53.
Bd3 Kf6 54. Kg1 Bd4+ 55. Kf1 Kg5 56. Ke2 Kh4 57. Kf3 Be5 58. Bb5 f5 59. exf5
1/2-1/2